000 00543nam a2200181 i 4500
001 63141
003 ES-MaACL
005 20230906164808.0
007 t|
008 031128s1969 sp f |||| | spa d
080 _a635.82/.83-15
100 1 _aFerrán Lamich, José.
_950246
245 1 0 _aCómo cultivar el champiñón, la trufa y otros hongos /
_cpor José Ferrán Lamich.
260 _aBarcelona :
_bAedos,
_c[1969]
300 _a188 p., 2 lám. ;
_c20 cm.
650 0 4 _aSetas comestibles-
_xCultivo.
_917073
852 _aES-MaACL
_jC-36815
999 _c63141
_d63141